Salvador Garmendia : La relación hombre- realidad en Los pequeños seres, Los habitantes. Día de ceniza /
Shranjeno v:
| Glavni avtor: | |
|---|---|
| Format: | Neznan |
| Jezik: | Spanish |
| Izdano: |
Caracas, Venezuela :
Editorial de la Universidad Simón Bolivar,
1990.
|
| Serija: | (Cuadernos USB, Series Literatura ;
no. 1) |
| Teme: | |
| Oznake: |
Označite
Brez oznak, prvi označite!
|
MARC
| LEADER | 000000000a22000000004500 | ||
|---|---|---|---|
| 001 | 003657 | ||
| 041 | 0 | |a spa | |
| 082 | 0 | 4 | |a V863.4 |b G233bo |
| 100 | 1 | |a Bolbao, Alicia | |
| 245 | 1 | 0 | |a Salvador Garmendia : |b La relación hombre- realidad en Los pequeños seres, Los habitantes. Día de ceniza / |c Alicia Bolbao. |
| 260 | 1 | |a Caracas, Venezuela : |b Editorial de la Universidad Simón Bolivar, |c 1990. | |
| 300 | |a 101 páginas | ||
| 490 | 1 | |a (Cuadernos USB, Series Literatura ; |v no. 1) | |
| 650 | 4 | |a GARMENDIA, SALVADOR | |
| 650 | 4 | |a REALIDAD LITERARIA | |
| 650 | 4 | |a LITERATURA Y SOCIEDAD | |
| 650 | 4 | |a CRITICA LITERARIA | |
| 650 | 4 | |a LOS PEQUEÑOS SERES | |
| 650 | 4 | |a DIA DE CENIZA | |
| 999 | |c 10130 |d 10130 | ||
| 942 | |c BK |h V863.4 G233bo |2 z | ||
